All epic fortnite dances - Statistics

General Stats
  • This quiz has been taken 11 times
  • The average score is 11 of 42
Answer Stats
Hint Answer % Correct
Express yourself on the battlefield. (Electro _______) Electro Shuffle
64%
Break it down. Breakdown
55%
Bust a move! Breakin'
45%
Let it all out. Dance Therapy
45%
Make it glow. Glowsticks
45%
Clang! Clang! Clang! Clang! Llama Bell
45%
Lay down a saxy groove. Phone It In
45%
<3 True Heart
45%
Boogie Down with Populotus. Boogiedown
36%
Feel the flow. Free Flow
36%
Untamed groove. Groove Jam
36%
Lock it down. Pop Lock
36%
Break it down, just don't break your neck. Breakneck
27%
Go nuts. Crackdown
27%
Dance the day away. Daydream
27%
Heat up the dance floor. Disco Fever
27%
Clap it up. Flamenco
27%
Get the luau started! Hula
27%
From beyond the rave! Reanimated
27%
Show off your signature moves. Signature Shuffle
27%
Make them swoon. Smooth Moves
27%
Don't skip leg day. Squat Kick
27%
Never stop dancing. Vivacious
27%
Put a little spring in your step. Boing!
18%
Wait for it… Drop The Bass
18%
Express yourself on the battlefield. (Fr___) Fresh
18%
Don't forget the magic word. Llamacadabra
18%
Blend in to your surroundings. Peely Pulse
18%
Hang on tight! Rocket Rodeo
18%
Are you ready to rock?! Rock Out
18%
Feel the rhythm. Shake It Up
18%
Flip with flavor. Sizzlin'
18%
No autographs please. Star Power
18%
Execute dance sequence. The Robot
18%
Wind up and let em have it. Turbocharged
18%
The sea delivers. Boobytrapped
9%
Be aggressive. B-E aggressive. Cheer Up
9%
Head it up. Fire Spinner
9%
Tear up the dance floor. Freestylin'
9%
Round and round. Hoop Master
9%
Dance like you mean it. Intensity
9%
In it to spin it. Sign Spinner
9%
No matching quizzes found
Score Distribution
Percent of People with Each Score
Percentile by Number Answered
Your Score History
You have not taken this quiz